000 00786cab a2200265 4500
001 ABS49290
008 090401t1993 xxu||||| |||| 00| 0 eng d
035 _a(Sirsi) u70760
041 _aeng
100 _aVerrell, M.
245 _aSafety at sports grounds
260 _c1993
350 _a0
490 _aEstates Gazette
_v(9337) 18 September 1993, 129-131(3)
520 _aUpdate on safety measures at sports grounds following the Bradford and Hillsborough disasters.
650 _aBARRIER TESTING
650 _aFIRE SAFETY AND SAFETY OF PLACES OF SPORT ACT 1987
650 _aSAFETY CERTIFICATES
650 _aSAFETY
650 _aSPORTS GROUNDS
650 _aSPORTS STADIA
690 _aBUILT ENVIRONMENT-BUILDING STANDARDS
942 _n0
948 _c04/03/1997
999 _c44551
_d44551